Library Catalog

Treasure Island / (Record no. 492674)

MARC details
000 -LEADER
fixed length control field 00737nam a22002057a 4500
003 - CONTROL NUMBER IDENTIFIER
control field OSt
005 - DATE AND TIME OF LATEST TRANSACTION
control field 20260511150951.0
008 - FIXED-LENGTH DATA ELEMENTS--GENERAL INFORMATION
fixed length control field 260511b |||||||| |||| 00| 0 eng d
020 ## - INTERNATIONAL STANDARD BOOK NUMBER
International Standard Book Number 9781839648786
040 ## - CATALOGING SOURCE
Original cataloging agency Kenya National Library Service
100 ## - MAIN ENTRY--PERSONAL NAME
Personal name Stevenson, Robert Louis.
Relator term author
245 ## - TITLE STATEMENT
Title Treasure Island /
Statement of responsibility, etc. Robert Louis Stevenson
300 ## - PHYSICAL DESCRIPTION
Extent 287 pages ;
Dimensions 16 cm.
490 ## - SERIES STATEMENT
Series statement Collectable classics.
520 ## - SUMMARY, ETC.
Summary, etc. While going through the possessions of a deceased guest who owed them money, the mistress of the inn and her son find a treasure map that leads them to a pirate's fortune.
650 ## - SUBJECT ADDED ENTRY--TOPICAL TERM
Topical term or geographic name entry element Pirates -Fiction.
942 ## - ADDED ENTRY ELEMENTS (KOHA)
Source of classification or shelving scheme Dewey Decimal Classification
Koha item type Books
Suppress in OPAC No
Holdings
Withdrawn status Source of classification or shelving scheme Damaged status Not for loan Home library Current library Date acquired Cost, normal purchase price Total checkouts Full call number Barcode Date last seen Price effective from Koha item type
  Dewey Decimal Classification     Information Access Acquisition, Cataloguing, Classification and Distribution Development 05/11/2026 1124.00   823.8 STE B231319 05/11/2026 05/11/2026 Books

© 2025, Kenya National Library Service | Designed & Maintained by Uvumbuzi Center